International routes from Gatwick International Airport (LGW) Part 1 - Statistics

General Stats
  • This quiz has been taken 17 times
  • The average score is 136 of 206
Answer Stats
Airline International Route Country % Correct
Aegean Airlines Athens Greece
100%
easyJet Athens Greece
100%
easyJet Barcelona Spain
100%
China Southern Airlines Guangzhou China
100%
British Airways Lyon France
100%
easyJet Lyon France
100%
Air Europa Madrid Spain
100%
easyJet Madrid Spain
100%
Iberia Express Madrid Spain
100%
Air Mauritius Port Louis Mauritius
100%
British Airways Port Louis Mauritius
100%
British Airways Port of Spain Trinidad & Tobago
100%
British Airways Accra Ghana
93%
easyJet Copenhagen Denmark
93%
Air Peace Lagos Nigeria
93%
easyJet Lisbon Portugal
93%
British Airways Marrakesh Morocco
93%
easyJet Marrakesh Morocco
93%
Air France Paris-Charles de Gaulle France
93%
easyJet Paris-Charles de Gaulle France
93%
British Airways Porto Portugal
93%
easyJet Porto Portugal
93%
British Airways Rabat Morocco
93%
British Airways San Jose Costa Rica
93%
airBaltic Tallinn Estonia
93%
British Airways Vancouver Canada
93%
easyJet Vienna Austria
93%
easyJet Zurich Switzerland
93%
easyJet Amsterdam Netherlands
87%
Azerbaijan Airlines Baku Azerbaijan
87%
easyJet Berlin Germany
87%
British Airways Bordeaux France
87%
easyJet Bordeaux France
87%
British Airways Cancun Mexico
87%
British Airways Geneva Switzerland
87%
easyJet Geneva Switzerland
87%
British Airways Islamabad Pakistan
87%
easyJet Marseille France
87%
Air Transat Montreal-Trudeau Canada
87%
easyJet Munich Germany
87%
easyJet Naples Italy
87%
British Airways Nice France
87%
easyJet Nice France
87%
airBaltic Riga Latvia
87%
Croatia Airlines Split Croatia
87%
easyJet Split Croatia
87%
British Airways Turin Italy
87%
easyJet Turin Italy
87%
easyJet Venice Italy
87%
Air Peace Abuja Nigeria
80%
easyJet Budapest Hungary
80%
easyJet Dusseldorf Germany
80%
British Airways Kingston-Norman Manley Jamaica
80%
British Airways Larnaca Cyprus
80%
easyJet Larnaca Cyprus
80%
British Airways Malaga Spain
80%
easyJet Malaga Spain
80%
easyJet Nantes France
80%
Air Transat Ottawa Canada
80%
British Airways Palma de Mallorca Spain
80%
easyJet Palma de Mallorca Spain
80%
British Airways Paphos Cypris
80%
easyJet Paphos Cyprus
80%
easyJet Pisa Italy
80%
Icelandair Reykjavik Iceland
80%
Air China Shanghai-Pudong China
80%
easyJet Sofia Bulgaria
80%
British Airways Thessaloniki Greece
80%
easyJet Thessaloniki Greece
80%
Air Transat Toronto-Pearson Canada
80%
easyJet Toulouse France
80%
easyJet Valencia Spain
80%
British Airways Bangkok-Suvarnabhumi Thailand
73%
easyJet Basel/Molhouse Switzerland/France
73%
Animawings Bucharest-Otopeni Romania
73%
British Airways Corfu Greece
73%
easyJet Corfu Greece
73%
Emirates Dubai-International UAE
73%
British Airways Dubrovnik Croatia
73%
easyJet Dubrovnik Croatia
73%
British Airways Faro Portugal
73%
easyJet Faro Portugal
73%
Jet2.com Faro Portugal
73%
British Airways Gran Canaria Spain
73%
easyJet Gran Canaria Spain
73%
Jet2.com Gran Canaria Spain
73%
British Airways Grenada Grenada
73%
easyJet Hamburg Germany
73%
easyJet Heraklion Greece
73%
British Airways Ibiza Spain
73%
easyJet Ibiza Spain
73%
British Airways Innsbruck Austria
73%
easyJet Innsbruck Austria
73%
easyJet Izmir Turkiye
73%
easyJet Krakow Poland
73%
British Airways Lanzarote Spain
73%
easyJet Lanzarote Spain
73%
easyJet Palermo Italy
73%
British Airways Rhodes Greece
73%
easyJet Sal Cape Verde
73%
British Airways Salzburg Austria
73%
easyJet Salzburg Austria
73%
British Airways Seville Spain
73%
easyJet Seville Spain
73%
Air Arabia Sharjah United Arab Emirates
73%
Air Arabia Tangier Morocco
73%
British Airways Tenerife-South Spain
73%
Ethiopian Airlines Addis Ababa Ethiopia
67%
British Airways Agadir Morocco
67%
easyJet Agadir Morocco
67%
Air India Ahmedabad India
67%
British Airways Alicante Spain
67%
easyJet Alicante Spain
67%
Jet2.com Alicante Spain
67%
British Airways Antalya Turkiye
67%
Corendon Airlines Antalya Turkiye
67%
easyJet Antalya Turkiye
67%
Jet2.com Antalya Turkiye
67%
British Airways Bari Italy
67%
easyJet Bari Italy
67%
Air Sierra Leone Freetown Sierra Leone
67%
British Airways Funchal Portugal
67%
easyJet Funchal Portugal
67%
British Airways Georgetown-Cheedi Jagan Guyana
67%
easyJet Milan-Liante Italy
67%
easyJet Milan-Malpensa Italy
67%
easyJet Rome-Fiumicino Italy
67%
British Airways Catania Italy
60%
easyJet Catania Italy
60%
FlyErbil Erbil Iraq
60%
British Airways Grenoble France
60%
easyJet Grenoble France
60%
easyJet Hurghada Egypt
60%
Jet2.com Hurghada Egypt
60%
British Airways Kos Greece
60%
easyJet Kos Greece
60%
easyJet Ljubljana Slovenia
60%
easyJet Prague Czechia
60%
easyJet Santorini Greece
60%
British Airways St.Johns Antigua and Barbuda
60%
British Airways St.Kitts St.Kitts and Nevis
60%
easyJet Tivat Montenegro
60%
British Airways Verona Italy
60%
easyJet Verona Italy
60%
easyJet Bodrum Turkiye
53%
British Airways Chania Greece
53%
easyJet Chania Greece
53%
British Airways Dalaman Turkiye
53%
easyJet Dalaman Turkiye
53%
British Airways Fuerteventura Spain
53%
easyJet Fuerteventura Spain
53%
Jet2.com Fuerteventura Spain
53%
British Airways Graz Austria
53%
easyJet Kefalonia Greece
53%
easyJet Luxor Egypt
53%
Gulf Air Manama Bahrain
53%
British Airways Menorca Spain
53%
easyJet Menorca Spain
53%
British Airways Orlando United States of America
53%
easyJet Sharm El Sheikh Egypt
53%
British Airways Valetta Malta
53%
easyJet Valetta Malta
53%
easyJet Zakynthos Greece
53%
easyJet Burgas Bulgaria
47%
British Airways Cagliari Italy
47%
easyJet Murcia Spain
47%
easyJet Mykonos Greece
47%
easyJet Skiathos Greece
47%
easyJet Strasbourg France
47%
easyJet Almeria Spain
40%
easyJet Brest France
40%
easyJet Brindisi Italy
40%
British Airways Kalamata Greece
40%
easyJet Kalamata Greece
40%
easyJet Pula Croatia
40%
Beijing Capital Airlines Qingdao China
40%
easyJet Rennes France
40%
British Airways St.Lucia-Hewanorra St.Lucia
40%
British Airways Tampa United States of America
40%
easyJet Zadar Croatia
40%
Air India Amritsar India
33%
easyJet Bastia France
33%
Air China Beijing-Capital China
33%
easyJet Biarritz France
33%
British Airways Chambery France
33%
easyJet Kittila Finland
33%
British Airways Montpellier France
33%
easyJet Montpellier France
33%
easyJet Olbia Italy
33%
easyJet Preveza Greece
33%
easyJet Tromso Norway
33%
Atlantic Airways Vagar Denmark
33%
easyJet Enfidha Tunisia
27%
easyJet Figari France
27%
easyJet La Rochelle France
27%
easyJet Reus Spain
27%
easyJet Tenerife-South Spain
27%
China Southern Airlines Zhengzhou China
27%
easyJet Akureyri Iceland
20%
British Airways Ivalo Finland
20%
easyJet Friedrichshafen Germany
13%
British Airways Sharm El Shiekh Egypt
7%
British Airways Crown Point Trinidad & Tobago
0%
Condor Frankurt Germany
0%
British Airways Herkalion Greece
0%
Corendon Airlines Herkalion Greece
0%
No matching quizzes found
Score Distribution
Percent of People with Each Score
Percentile by Number Answered
Your Score History
You have not taken this quiz